| 000 | 00892nam a22002177a 4500 | ||
|---|---|---|---|
| 999 |
_c6800 _d6800 |
||
| 003 | AR-CdUCM | ||
| 008 | 190319b ||||| |||| 00| 0 spa d | ||
| 020 | _a84-205-0773-3 | ||
| 040 |
_aMUNICIPALIDAD PROVINCIAL DEL CUSCO _cBIBLIOTECA MUNICIPAL DEL CUSCO |
||
| 082 |
_a970 / _bH41 |
||
| 100 |
_aHernández Sánchez-Barba, Mario _919152 |
||
| 245 | _aHistoria de América / | ||
| 260 |
_aMadrid : _bAlhambra, _c1981. |
||
| 300 |
_a3 tomos _bmapas, cuadros, _c24 cm. |
||
| 505 | _aContenido: Introducción a la historia -- América indígena -- El descubrimiento -- La idea del nuevo mundo en el pensamiento literario española. t.3: Las independencias americanas -- Sociedades y economías americanas del siglo XIX -- Las tensiones criticas americanas en el siglo XX | ||
| 650 |
_aAmerica _91348 |
||
| 650 |
_aHistoria _9136 |
||
| 650 |
_aPerú _935 |
||
| 942 |
_2ddc _cLIBROS |
||
| 945 | _aachl | ||